000 00371nam a2200145Ia 4500
008 150201s2014 xx 000 0 und d
082 _a614.1
_bS14A
100 _aAGGARWAL, GAURAV
245 _aSMART STUDY SERIES FORENSIC MEDICINE & TOXICOLOGY
250 _a1ST
260 _bELSEVIER
_aINDIA
_c2014
300 _a1-364
650 _aFORENSIC MEDICINE
942 _2ddc
_cBK
999 _c1811
_d1811